00704nam a2200277Ia 4500001000600000003000500006008004100011010001100052040000900063082001600072100003200088245005100120260003800171300001100209440000500220500000500225503000500230650003000235901001600265902000600281910000900287942000600296942000700302999001900309952009800328Z_932CHAP220113s1986 xx 000 0 und d a164008 cCHAP a636.08 S83y aStansfield, Malcolm9109467 aManual del ganadero /cpor Malcolm Stansfield aBuenos Aires :bEl ateneo,c1986 a157 p. a a a aGanadería I. t.9138062 a636.08 S83y aA a1986 c1 cc1 c164008d164008 00102ddc40708GRALaZbZc3d2005-11-09pz_0850r2022-01-18 00:00:00t1w2022-01-18yLIBRO